Ujedinjene države - Statistics

General Stats
  • This quiz has been taken 481 times
    417 since last reset
  • The average score is 14 of 50
Answers on the Map
Answers color-coded by a green-red scale on the quiz's map according to % correct below.
 
Answer Stats
State % Correct
Teksas
85%
Kalifornija
80%
Florida
76%
Aljaska
73%
Havaji
56%
Alabama
48%
Nevada
48%
Ohio
47%
Arizona
46%
Mississippi
43%
Južna Dakota
41%
Vašington
41%
Južna Karolina
39%
Sjeverna Dakota
39%
Sjeverna Karolina
39%
Utah
36%
Georgia
32%
Colorado
31%
Oklahoma
29%
Virginia
27%
Arkansas
26%
Minnesota
26%
Nebraska
26%
Oregon
25%
Montana
24%
Kansas
23%
Missouri
21%
Novi Jork
21%
Michigan
20%
Illinois
19%
Indiana
19%
Kentucky
19%
Ajdaho
16%
Maine
15%
Delaware
14%
Louisiana
14%
Tennessee
14%
Maryland
13%
Vermont
13%
Wyoming
13%
Pennsylvania
12%
Zapadna Virginia
12%
Rhode Island
11%
Ajova
10%
Massachusetts
10%
Novi Mexico
10%
Wisconsin
10%
Connecticut
8%
Novi Jersey
8%
Novi Hempšir
3%
No matching quizzes found
Score Distribution
Percent of People with Each Score
Percentile by Number Answered
Your Score History
You have not taken this quiz since the last reset